Geographic Groups of Six #2 - Statistics

General Stats
  • This quiz has been taken 53,473 times
  • The average score is 32 of 48
Answer Stats
Group Answer % Correct
Countries bordering Iraq Iran
95%
Original EU countries France
93%
Original EU countries West Germany
92%
Cities with the most Jewish people Jerusalem
90%
Biggest Spanish-speaking cities Madrid
89%
Biggest cities within 10km of the Mediterranean Barcelona
88%
Biggest cities within 10km of the Mediterranean Rome
88%
Cities with the most Jewish people New York City
86%
Original EU countries Belgium
85%
Original EU countries Italy
85%
Biggest Spanish-speaking cities Mexico City
85%
Countries bordering Iraq Syria
85%
Original EU countries Netherlands
83%
Countries bordering Iraq Saudi Arabia
82%
Biggest cities within 10km of the Mediterranean Athens
80%
Countries bordering Iraq Jordan
78%
Countries bordering Iraq Kuwait
77%
States in New England Maine
76%
Countries bordering Iraq Turkey
76%
Cities with the most Jewish people Tel Aviv
74%
Biggest Spanish-speaking cities Buenos Aires
73%
States in New England New Hampshire
73%
States in New England Vermont
73%
States in New England Massachusetts
72%
States in New England Rhode Island
72%
Asian capitals starting with T Tokyo
71%
Most populous river basins Nile
70%
Original EU countries Luxembourg
69%
States in New England Connecticut
68%
Biggest Spanish-speaking cities Bogota
64%
Asian capitals starting with T Tehran
61%
Biggest Spanish-speaking cities Lima
60%
Biggest Spanish-speaking cities Santiago
57%
Cities with the most Jewish people Los Angeles
55%
Biggest cities within 10km of the Mediterranean Naples
54%
Asian capitals starting with T Taipei
54%
Biggest cities within 10km of the Mediterranean Algiers
53%
Most populous river basins Yellow
53%
Most populous river basins Yangtze
51%
Biggest cities within 10km of the Mediterranean Alexandria
49%
Asian capitals starting with T Tashkent
48%
Most populous river basins Ganges / Brahmaputra
45%
Asian capitals starting with T Tbilisi
36%
Most populous river basins Indus
31%
Asian capitals starting with T Thimphu
31%
Cities with the most Jewish people Miami
27%
Cities with the most Jewish people Haifa
23%
Most populous river basins Pearl
14%
No matching quizzes found
Score Distribution
Percent of People with Each Score
Percentile by Number Answered
Your Score History
You have not taken this quiz